000 00467nam a2200133Ia 4500
008 100328s9999 xx 000 0 und d
082 _b54632
100 _aपारखी प्रमोद
245 _aगणकयंत्र (कॅाम्प्युटर)
260 _bअनमोल
630 _aगणकयंत्र (कॅाम्प्युटर)
730 _aगणकयंत्र (कॅाम्प्युटर)
942 _cBOOK
999 _c541347
_d541344